000 00385nam a22001697a 4500
005 20160616121746.0
008 160616b xxu||||| |||| 00| 0 eng d
020 _a1403910294
041 _aeng
082 _b7969
100 _aSen, Ratna
_92098
245 _aIndustrial Relations in India
260 _bMc Millan
_c2003
300 _a496
650 _aManagement
_9241
942 _cBK
999 _c2938
_d2937